00443nam a2200169Ia 4500100001900000650001200019490000600031942000700037654002800044245002900072260002800101082001500129300000700144546001200151999001700163952009300180 aShetty/ Roopa  aGeneral v2 cBK aCommunication skills II aCommunication Skills II bNandu PubaMumbaic1996 a302.2bSHE a74 aENGLISH c29503d29503 001040708CRCaCRCEbCRCEd2023-03-17l0o302.2 SHEp10991r2023-03-17w2023-03-17yBK